Southville International School and Colleges
Your cart is empty.
  • Cart
  • Lists
    Public lists Eva Luna New books Lux_list list_1
    Your lists Log in to create your own lists
  • Log in to your account
  • Your cookies
  • Search history
Southville International School and Colleges
  • Advanced search
  • Recent comments
  • Most popular
  • Libraries

Log in to your account

Log in with GOOGLE


If you do not have an external account, but do have a local account, you can still log in:

  1. Home
  2. MARC view: The effects of discipline sanction on the attendance and punctuality of grade six students of SISC /
Normal view MARC view ISBD view

The effects of discipline sanction on the attendance and punctuality of grade six students of SISC / (Record no. 97769)

[ view plain ]
MARC details
000 -LEADER
fixed length control field 00833nam a2200205 a 4500
003 - CONTROL NUMBER IDENTIFIER
control field 0
005 - DATE AND TIME OF LATEST TRANSACTION
control field 20250314122658.0
008 - FIXED-LENGTH DATA ELEMENTS--GENERAL INFORMATION
fixed length control field 071127s19uu xx 00 eng d
050 ## - LIBRARY OF CONGRESS CALL NUMBER
Classification number PGS LB 3013.322
Item number .So689 2007
100 ## - MAIN ENTRY--PERSONAL NAME
Personal name Solomon, Elyssa Hillary O.
245 ## - TITLE STATEMENT
Title The effects of discipline sanction on the attendance and punctuality of grade six students of SISC /
Statement of responsibility, etc Elyssa Hillary O. Solomon.
260 ## - PUBLICATION, DISTRIBUTION, ETC. (IMPRINT)
Place of publication, distribution, etc Las Piñas City, Philippines :
Name of publisher, distributor, etc Southville International School and Colleges,
Date of publication, distribution, etc 2007.
300 ## - PHYSICAL DESCRIPTION
Extent 35 pages :
Other physical details illustrations ;
Dimensions 28 cm.
504 ## - BIBLIOGRAPHY, ETC. NOTE
Bibliography, etc Includes bibliographical references.
650 ## - SUBJECT ADDED ENTRY--TOPICAL TERM
Topical term or geographic name as entry element School discipline
Form subdivision Effects on students.
650 ## - SUBJECT ADDED ENTRY--TOPICAL TERM
Topical term or geographic name as entry element Student attendance
Form subdivision Influencing factors
650 ## - SUBJECT ADDED ENTRY--TOPICAL TERM
Topical term or geographic name as entry element Punctuality in education.
650 ## - SUBJECT ADDED ENTRY--TOPICAL TERM
Topical term or geographic name as entry element Disciplinary actions in schools.
942 ## - ADDED ENTRY ELEMENTS (KOHA)
Source of classification or shelving scheme Library of Congress Classification
Koha item type PASS
Holdings
Withdrawn status Lost status Source of classification or shelving scheme Damaged status Home library Current library Shelving location Date acquired Source of acquisition Total Checkouts Full call number Barcode Date last seen Price effective from Koha item type
    Library of Congress Classification   Luxembourg Library Luxembourg Library Portfolio Assessment of SISC Students Section 11/27/2007 Donation   PGS LB 3013.322 .So689 2007 P1837 04/08/2014 04/08/2014 PASS

The effects of discipline sanction on the attendance and punctuality of grade six students of SISC /

APA

Solomon E. H. O., . (2007). The effects of discipline sanction on the attendance and punctuality of grade six students of SISC. Las Piñas City, Philippines: Southville International School and Colleges.

Chicago

Solomon Elyssa Hillary O, . 2007. The effects of discipline sanction on the attendance and punctuality of grade six students of SISC. Las Piñas City, Philippines: Southville International School and Colleges.

Harvard

Solomon E. H. O., . (2007). The effects of discipline sanction on the attendance and punctuality of grade six students of SISC. Las Piñas City, Philippines: Southville International School and Colleges.

MLA

Solomon Elyssa Hillary O, . The effects of discipline sanction on the attendance and punctuality of grade six students of SISC. Las Piñas City, Philippines: Southville International School and Colleges. 2007.

  • Print
  • Cite
  • Add to your cart (remove)
  • Save record
    BIBTEX Dublin Core MARCXML MARC (non-Unicode/MARC-8) MARC (Unicode/UTF-8) MARC (Unicode/UTF-8, Standard) MODS (XML) RIS
  • More searches
    Search for this title in:
    Other Libraries (WorldCat) Other Databases (Google Scholar) Online Stores (Bookfinder.com) Open Library (openlibrary.org)

Exporting to Dublin Core...

SOUTHVILLE LIBRARY

Southville International School and Colleges Library

1281 Tropical Ave. Cor. Luxembourg St., BF Homes International, Las Pinas City

Tel. No. 8256374 / 252358 Loc. 117/146

Powered by Koha